<?xml version="1.0" encoding="UTF-8"?>
<record
    xmlns:xsi="http://www.w3.org/2001/XMLSchema-instance"
    xsi:schemaLocation="http://www.loc.gov/MARC21/slim http://www.loc.gov/standards/marcxml/schema/MARC21slim.xsd"
    xmlns="http://www.loc.gov/MARC21/slim">

  <leader>01403nam a2200229 a 4500</leader>
  <controlfield tag="003">OSt</controlfield>
  <controlfield tag="005">20250916090339.0</controlfield>
  <controlfield tag="008">100219s2010    dr            000 0 spa d</controlfield>
  <datafield tag="040" ind1=" " ind2=" ">
    <subfield code="a">DO-SdBNP</subfield>
    <subfield code="b">spa</subfield>
    <subfield code="c">BPMSU</subfield>
  </datafield>
  <datafield tag="082" ind1=" " ind2="4">
    <subfield code="a">342.729302</subfield>
    <subfield code="b">R426c 2010</subfield>
    <subfield code="2">22</subfield>
  </datafield>
  <datafield tag="110" ind1="2" ind2=" ">
    <subfield code="a">Rep&#xFA;blica Dominicana.</subfield>
  </datafield>
  <datafield tag="240" ind1="1" ind2="0">
    <subfield code="a">Constituci&#xF3;n (2010)</subfield>
  </datafield>
  <datafield tag="245" ind1="1" ind2="0">
    <subfield code="a">Constituci&#xF3;n de la Rep&#xFA;blica Dominicana :</subfield>
    <subfield code="b">proclamada el 26 de enero del a&#xF1;o 2010 /</subfield>
  </datafield>
  <datafield tag="260" ind1=" " ind2=" ">
    <subfield code="a">Santo Domingo :</subfield>
    <subfield code="b">Serigraf S.A,</subfield>
    <subfield code="c">2010.</subfield>
  </datafield>
  <datafield tag="300" ind1=" " ind2=" ">
    <subfield code="a">255 p. ;</subfield>
    <subfield code="c">23 cm.</subfield>
  </datafield>
  <datafield tag="505" ind1="0" ind2=" ">
    <subfield code="t">Pre&#xE1;mbulo --</subfield>
    <subfield code="t">De la Naci&#xF3;n, del Estado, de su gobierno y de sus principios fundamentales --</subfield>
    <subfield code="t">De los derechos, garant&#xED;as y deberes fundamentales --</subfield>
    <subfield code="t">Del Poder Legislativo --</subfield>
    <subfield code="t">Del Poder Ejecutivo --</subfield>
    <subfield code="t">Del Poder Judicial --</subfield>
    <subfield code="t">Del Consejo Nacional de la Magistratura --</subfield>
    <subfield code="t">Del control constitucional --</subfield>
    <subfield code="t">Del Defensor del Pueblo --</subfield>
    <subfield code="t">Del ordenamiento del territorio y de la administraci&#xF3;n local --</subfield>
    <subfield code="t">Del Sistema electoral --</subfield>
    <subfield code="t">Del r&#xE9;gimen econ&#xF3;mico y financiero y de la C&#xE1;mara de Cuentas --</subfield>
    <subfield code="t">De las Fuerzas Armadas, de la Polic&#xED;a Nacional y de la Seguridad y Defensa --</subfield>
    <subfield code="t">De los Estados de Excepci&#xF3;n --</subfield>
    <subfield code="t">De las Reformas Constitucionales --</subfield>
    <subfield code="g">Disposiciones generales y transitorias.</subfield>
  </datafield>
  <datafield tag="590" ind1=" " ind2=" ">
    <subfield code="a">Inventariado, 2021/VM</subfield>
  </datafield>
  <datafield tag="651" ind1=" " ind2="4">
    <subfield code="a">Rep&#xFA;blica Dominicana</subfield>
    <subfield code="x">Constituci&#xF3;n (2010)</subfield>
  </datafield>
  <datafield tag="651" ind1=" " ind2="4">
    <subfield code="a">Rep&#xFA;blica Dominicana</subfield>
    <subfield code="z">Derecho Constitucional</subfield>
  </datafield>
  <datafield tag="910" ind1=" " ind2=" ">
    <subfield code="a">VMateo V. </subfield>
  </datafield>
  <datafield tag="942" ind1=" " ind2=" ">
    <subfield code="2">ddc</subfield>
    <subfield code="c">BK</subfield>
  </datafield>
  <datafield tag="952" ind1=" " ind2=" ">
    <subfield code="0">0</subfield>
    <subfield code="1">0</subfield>
    <subfield code="2">ddc</subfield>
    <subfield code="4">0</subfield>
    <subfield code="7">0</subfield>
    <subfield code="8">CD</subfield>
    <subfield code="a">BPMET</subfield>
    <subfield code="b">BPMET</subfield>
    <subfield code="d">2021-08-31</subfield>
    <subfield code="l">0</subfield>
    <subfield code="o">BPMSU CD 342.729302 R426c 2010</subfield>
    <subfield code="p">BPMSU21080118</subfield>
    <subfield code="r">2021-08-31</subfield>
    <subfield code="w">2021-08-31</subfield>
    <subfield code="y">BK</subfield>
  </datafield>
  <datafield tag="952" ind1=" " ind2=" ">
    <subfield code="0">0</subfield>
    <subfield code="1">0</subfield>
    <subfield code="2">ddc</subfield>
    <subfield code="4">0</subfield>
    <subfield code="7">0</subfield>
    <subfield code="8">CD</subfield>
    <subfield code="a">BPMET</subfield>
    <subfield code="b">BPMET</subfield>
    <subfield code="d">2021-08-31</subfield>
    <subfield code="l">0</subfield>
    <subfield code="o">BPMSU CD 342.729302 R426c 2010</subfield>
    <subfield code="p">BPMSU21080119</subfield>
    <subfield code="r">2021-08-31</subfield>
    <subfield code="t">e.2</subfield>
    <subfield code="w">2021-08-31</subfield>
    <subfield code="y">BK</subfield>
  </datafield>
  <datafield tag="952" ind1=" " ind2=" ">
    <subfield code="0">0</subfield>
    <subfield code="1">0</subfield>
    <subfield code="2">ddc</subfield>
    <subfield code="4">0</subfield>
    <subfield code="7">0</subfield>
    <subfield code="8">CD</subfield>
    <subfield code="a">BPMET</subfield>
    <subfield code="b">BPMET</subfield>
    <subfield code="d">2021-08-31</subfield>
    <subfield code="l">0</subfield>
    <subfield code="o">BPMSU CD 342.729302 R426c 2010</subfield>
    <subfield code="p">BPMSU25090067</subfield>
    <subfield code="r">2025-09-16</subfield>
    <subfield code="t">e.3</subfield>
    <subfield code="w">2021-08-31</subfield>
    <subfield code="y">BK</subfield>
  </datafield>
  <datafield tag="999" ind1=" " ind2=" ">
    <subfield code="c">13697</subfield>
    <subfield code="d">13697</subfield>
  </datafield>
</record>
